| 000 | 00550nam a2200205Ia 4500 | ||
|---|---|---|---|
| 003 | GCL | ||
| 008 | 140319s9999 xx 000 0 ara d | ||
| 040 |
_aGCL / _cGCL |
||
| 082 | 0 | 4 |
_aط _b953.09 _bا ا |
| 100 | 1 | _aاحمد نجيب | |
| 245 | 1 | 0 |
_aاحلام فى المنام / _cاحمد نجيب |
| 300 | _a16 ص | ||
| 490 |
_aمصر ام الدنيا _v0 |
||
| 650 | 0 | 4 | _aالقصص القصيرة |
| 650 | 0 | 4 | _aالاطفال |
| 650 | 0 | 4 | _aالاحلام |
| 650 | 0 | 4 | _aقصص الاطفال |
| 650 | 0 | 4 | _aالاهرام |
| 942 |
_2ddc _cBK |
||
| 999 |
_c51512 _d51512 |
||